| 000 | 00752nam a2200217 a 4500 | ||
|---|---|---|---|
| 001 | 000034018 | ||
| 005 | 20200930070715.0 | ||
| 008 | 110921s1980 es 000 0 spa d | ||
| 020 | _a8474321751 | ||
| 040 |
_aDO-SdBNP _bspa _cBNPHU |
||
| 100 | 1 |
_aGilbert, Roger _959467 |
|
| 240 | 1 | 0 |
_aTítulo original : _lfrancés _kBon pour enseiguer? |
| 245 | 1 | 0 |
_a¿Quién es bueno para enseñar? : _bproblemas de la formación de los docentes /. |
| 260 |
_aBarcelona : _bGedisa, _c1980. |
||
| 300 |
_a207 p. : _bil. ; _c21 cm. |
||
| 490 | 1 |
_aBiblioteca de educación _v12 |
|
| 500 | _aTercera reimpresión 1980 | ||
| 500 | _aIncluye referencias bibliográficas y notas al pie de las páginas | ||
| 830 | 0 |
_aBiblioteca de educación _v12 _946292 |
|
| 049 | _aBNPD | ||
| 999 |
_c33509 _d33509 |
||